[Event "Irish Championship 2018"]
[Site "Dublin IRL"]
[Date "2018.08.05"]
[Round "2.16"]
[White "Melaugh, Gavin"]
[Black "Tirziman, Rudolf"]
[Result "1/2-1/2"]
[WhiteElo "2029"]
[BlackElo "1943"]
[WhiteICU "1999"]
[BlackICU "1902"]
[WhiteClub "Elm Mount"]
[BlackClub "Blanchardstown"]
[WhiteNationality "IRL"]
[BlackNationality "IRL"]
[WhiteFideId "2509571"]
[BlackFideId "2508664"]
[PlyCount "128"]
[EventDate "2018.08.04"]
[Source "TWIC 1240"]

{ Event information: <a
href="https://www.irlchess.com/irlch2018_allfiles/pairings_irlch2018.html">Tournament
report</a>. }

1. e4 e6 2. d4 d5 3. Nc3 dxe4 4. Nxe4 Nd7 5. Nf3 Ngf6 6. Nxf6+ Nxf6 7. Bd3
c5 8. O-O cxd4 9. Nxd4 a6 10. c3 Qc7 11. Bg5 Bd6 12. h3 Bf4 13. Qa4+ Bd7
14. Nb5 Bh2+ 15. Kh1 Qc5 16. Bxf6 gxf6 17. Kxh2 Bxb5 18. Bxb5+ Qxb5 19.
Qxb5+ axb5 20. Rfd1 Ke7 21. a3 f5 22. Rd4 Rhd8 23. Rad1 Rxd4 24. Rxd4 Ra4
25. Rd2 f4 26. g4 fxg3+ 27. Kxg3 Rc4 28. f4 Re4 29. Kf3 Rc4 30. Rg2 Rc5 31.
Rg8 Rd5 32. Ke3 Rh5 33. Rb8 Rxh3+ 34. Kd4 Kf6 35. Rxb7 Rh5 36. Ke4 Rc5 37.
Rd7 h5 38. Kf3 Rc4 39. Rb7 Rc5 40. Kg3 Kg6 41. Ra7 e5 42. Ra5 exf4+ 43.
Kxf4 Rg5 44. Ra8 Rg4+ 45. Kf3 f5 46. Rb8 h4 47. Rxb5 h3 48. Rb8 Kg7 49.
Rb7+ Kg6 50. Rb8 Kg7 51. Rb4 Rg2 52. a4 Rd2 53. Rh4 Rxb2 54. Rxh3 Rb3 55.
Kf4 Kg6 56. Rd3 Ra3 57. Rd6+ Kf7 58. Kxf5 Rxc3 59. Rd5 Ke7 60. Ke5 Rc4 61.
a5 Ra4 62. Rb5 Kd7 63. Kd5 Kc7 64. Kc5 Ra1 1/2-1/2

[Event "Irish Championship 2018"]
[Site "Dublin IRL"]
[Date "2018.08.05"]
[Round "2.17"]
[White "Nolan, Dermot"]
[Black "Bourached, Anthony"]
[Result "0-1"]
[WhiteElo "1841"]
[BlackElo "2026"]
[WhiteICU "1759"]
[BlackICU "2083"]
[WhiteClub "Gonzaga"]
[BlackClub "T.C.D."]
[WhiteNationality "IRL"]
[BlackNationality "IRL"]
[WhiteFideId "2510260"]
[BlackFideId "2504456"]
[PlyCount "90"]
[EventDate "2018.08.04"]
[Source "TWIC 1240"]

{ Event information: <a
href="https://www.irlchess.com/irlch2018_allfiles/pairings_irlch2018.html">Tournament
report</a>. }

1. e4 c5 2. Nf3 d6 3. d4 cxd4 4. Nxd4 Nf6 5. Nc3 g6 6. Be3 Bg7 7. f3 Nc6 8.
Qd2 O-O 9. O-O-O d5 10. exd5 Nxd5 11. Nxc6 bxc6 12. Bd4 e5 13. Bc5 Be6 14.
Ne4 Re8 15. h4 h6 16. g4 Qc7 17. g5 h5 18. Bc4 Red8 19. Qf2 Rab8 20. Rhe1
Qa5 21. a3 Rb7 22. Rd3 Qc7 23. Qg3 Bf5 24. Red1 Rdb8 25. Bd6 Qb6 26. Rb3
Qd8 27. Bxb8 Qxb8 28. Rxb7 Qxb7 29. Nd6 Qd7 30. Nxf5 gxf5 31. g6 Bh6+ 32.
Kb1 Nc3+ 33. bxc3 Qxd1+ 34. Kb2 Qc1+ 35. Kb3 Bg7 36. gxf7+ Kf8 37. Qf2 Qb1+
38. Ka4 Qb6 39. Qd2 Qc7 40. Be6 Ke7 41. Bc4 f4 42. Qd3 Bf8 43. Qf5 Qd6 44.
Qxh5 Kd8 45. Qf5 Qxa3# 0-1

[Event "Irish Championship 2018"]
[Site "Dublin IRL"]
[Date "2018.08.05"]
[Round "2.18"]
[White "Rush, Stephen"]
[Black "Scott, Luke"]
[Result "1-0"]
[WhiteElo "2025"]
[BlackElo "1873"]
[WhiteICU "1903"]
[BlackICU "1795"]
[WhiteClub "Strand"]
[BlackClub "T.C.D."]
[WhiteNationality "IRL"]
[BlackNationality "IRL"]
[WhiteFideId "2512173"]
[BlackFideId "2507986"]
[PlyCount "71"]
[EventDate "2018.08.04"]
[Source "TWIC 1240"]

{ Event information: <a
href="https://www.irlchess.com/irlch2018_allfiles/pairings_irlch2018.html">Tournament
report</a>. }

1. d4 Nf6 2. c4 e6 3. Nc3 Bb4 4. f3 c5 5. d5 d6 6. e4 O-O 7. Ne2 b5 8. Ng3
bxc4 9. Bxc4 exd5 10. Bxd5 Nxd5 11. Qxd5 Be6 12. Qxa8 Qb6 13. Nf5 Bxf5 14.
Qd5 Be6 15. Qg5 Nc6 16. O-O Bxc3 17. bxc3 f6 18. Qd2 Ne5 19. Rd1 Nc4 20.
Qc2 Rb8 21. Bf4 Qb2 22. Qxb2 Rxb2 23. Rdb1 Rc2 24. Rc1 Rb2 25. h4 a5 26.
Rd1 a4 27. Rd3 Kf7 28. Bxd6 Nxd6 29. Rxd6 Bxa2 30. Rd7+ Kg6 31. Rc7 c4 32.
Rd1 Bb3 33. Rdd7 Rb1+ 34. Kh2 h6 35. Rxg7+ Kh5 36. Rc5+ 1-0

[Event "Irish Championship 2018"]
[Site "Dublin IRL"]
[Date "2018.08.06"]
[Round "3.1"]
[White "Baburin, Alexander"]
[Black "O'Donnell, Conor"]
[Result "1/2-1/2"]
[WhiteTitle "GM"]
[BlackTitle "FM"]
[WhiteElo "2458"]
[BlackElo "2336"]
[WhiteICU "2428"]
[BlackICU "2312"]
[WhiteClub "Kilkenny"]
[BlackClub "Gonzaga"]
[WhiteNationality "IRL"]
[BlackNationality "IRL"]
[WhiteFideId "2500914"]
[BlackFideId "2504243"]
[PlyCount "37"]
[EventDate "2018.08.04"]
[Source "TWIC 1240"]

{ Event information: <a
href="https://www.irlchess.com/irlch2018_allfiles/pairings_irlch2018.html">Tournament
report</a>. }

1. d4 Nf6 2. Nf3 d5 3. Bf4 c5 4. c3 Nc6 5. dxc5 a5 6. e3 e6 7. Bb5 Bxc5 8.
O-O O-O 9. Nbd2 Qe7 10. Bg5 Rd8 11. Qe2 h6 12. Bxf6 Qxf6 13. e4 Ba7 14. e5
Qe7 15. a4 Bd7 16. Nb3 Rf8 17. Rad1 Rac8 18. Rfe1 Rfd8 19. Nbd4 1/2-1/2

[Event "Irish Championship 2018"]
[Site "Dublin IRL"]
[Date "2018.08.06"]
[Round "3.2"]
[White "Lopez, Alex"]
[Black "Collins, Sam"]
[Result "1-0"]
[WhiteTitle "IM"]
[BlackTitle "IM"]
[WhiteElo "2411"]
[BlackElo "2445"]
[WhiteICU "2476"]
[BlackICU "2425"]
[BlackClub "Gonzaga"]
[WhiteNationality "IRL"]
[BlackNationality "IRL"]
[WhiteFideId "2501430"]
[BlackFideId "2501198"]
[PlyCount "109"]
[EventDate "2018.08.04"]
[Source "TWIC 1240"]

{ Event information: <a
href="https://www.irlchess.com/irlch2018_allfiles/pairings_irlch2018.html">Tournament
report</a>. }

1. Nf3 Nf6 2. d4 g6 3. Bg5 Bg7 4. Nbd2 O-O 5. c3 d6 6. e4 c5 7. dxc5 dxc5
8. Qc2 Nc6 9. Be2 b6 10. O-O h6 11. Bh4 Bb7 12. Rfe1 g5 13. Bg3 Nh5 14. Nf1
Nxg3 15. Nxg3 e6 16. Nd2 Qc7 17. a4 Rad8 18. Nc4 Ne5 19. a5 Nxc4 20. Bxc4
bxa5 21. Qe2 Rd7 22. Ra2 Rfd8 23. Nf1 Bc6 24. Bb5 Bxb5 25. Qxb5 Rb8 26. Qa4
Qd8 27. Ne3 Rdb7 28. Rd1 Qc7 29. Nc4 Rd8 30. Raa1 Rxd1+ 31. Rxd1 Rb8 32.
Rd7 Qf4 33. Qc2 f5 34. g3 Qf3 35. Nd2 Qg4 36. Kg2 fxe4 37. Nxe4 Rf8 38.
Nxc5 Qf3+ 39. Kg1 Rf7 40. Rd8+ Rf8 41. Rxf8+ Qxf8 42. Nxe6 Qf7 43. Qe4 Bf6
44. Qa8+ Kh7 45. Qd5 Qe7 46. b3 Bxc3 47. Qd3+ Kg8 48. Qg6+ Bg7 49. f4 gxf4
50. gxf4 Qf6 51. Qxg7+ Qxg7+ 52. Nxg7 Kxg7 53. Kf2 Kg6 54. Ke3 Kf5 55. h3
1-0

[Event "Irish Championship 2018"]
[Site "Dublin IRL"]
[Date "2018.08.06"]
[Round "3.3"]
[White "Murray, David"]
[Black "Wall, Gavin"]
[Result "1-0"]
[BlackTitle "IM"]
[WhiteElo "2149"]
[BlackElo "2341"]
[WhiteICU "2123"]
[BlackICU "2290"]
[WhiteClub "Gonzaga"]
[BlackClub "Richmond ENG"]
[WhiteNationality "IRL"]
[BlackNationality "IRL"]
[WhiteFideId "2501511"]
[BlackFideId "2501244"]
[PlyCount "47"]
[EventDate "2018.08.04"]
[Source "TWIC 1240"]

{ Event information: <a
href="https://www.irlchess.com/irlch2018_allfiles/pairings_irlch2018.html">Tournament
report</a>. }

1. d4 f5 2. e4 fxe4 3. Nc3 Nf6 4. Bg5 Nc6 5. d5 Ne5 6. Qd4 Nf7 7. h4 c6 8.
O-O-O Qb6 9. Bxf6 gxf6 10. Qxe4 Qxf2 11. Nf3 Bh6+ 12. Kb1 Qe3 13. Qa4 Qf4
14. Nd4 b5 15. Qb3 c5 16. Ndxb5 a6 17. d6 axb5 18. Nxb5 O-O 19. dxe7 Re8
20. Bc4 Rxe7 21. Nd6 Ba6 22. Bxf7+ Kf8 23. Bd5 Rd8 24. Qb6 1-0

[Event "Irish Championship 2018"]
[Site "Dublin IRL"]
[Date "2018.08.06"]
[Round "3.4"]
[White "Murphy, Conor E."]
[Black "O'Connell, Gerard"]
[Result "1-0"]
[WhiteTitle "FM"]
[WhiteElo "2336"]
[BlackElo "2148"]
[BlackICU "2099"]
[WhiteClub "Charlton ENG"]
[BlackClub "St. Benildus"]
[WhiteNationality "IRL"]
[BlackNationality "IRL"]
[WhiteFideId "421669"]
[BlackFideId "2500493"]
[PlyCount "59"]
[EventDate "2018.08.04"]
[Source "TWIC 1240"]

{ Event information: <a
href="https://www.irlchess.com/irlch2018_allfiles/pairings_irlch2018.html">Tournament
report</a>. }

1. e4 c5 2. Nf3 d6 3. d4 cxd4 4. Nxd4 Nf6 5. Nc3 g6 6. Be3 Bg7 7. f3 Nc6 8.
Qd2 O-O 9. O-O-O d5 10. Qe1 e6 11. h4 Qc7 12. Ndb5 Qb8 13. exd5 Nxd5 14.
Nxd5 exd5 15. Qd2 Qe5 16. c3 Be6 17. Bf4 Qf6 18. Bg5 Qe5 19. Bf4 Qf6 20.
Bg5 Qe5 21. Re1 Qb8 22. h5 a6 23. Bf4 Qd8 24. Nc7 d4 25. c4 Rc8 26. Nxe6
fxe6 27. hxg6 d3 28. Rh3 h6 29. Rxh6 Nb4 30. Rh7 1-0

[Event "Irish Championship 2018"]
[Site "Dublin IRL"]
[Date "2018.08.06"]
[Round "3.5"]
[White "O'Gorman, Tom"]
[Black "Moran, Stephen"]
[Result "0-1"]
[WhiteTitle "FM"]
[WhiteElo "2258"]
[BlackElo "2155"]
[WhiteICU "2239"]
[BlackICU "2095"]
[WhiteClub "Dun Laoghaire"]
[BlackClub "T.C.D."]
[WhiteNationality "IRL"]
[BlackNationality "IRL"]
[WhiteFideId "2508249"]
[BlackFideId "2501872"]
[PlyCount "234"]
[EventDate "2018.08.04"]
[Source "TWIC 1240"]

{ Event information: <a
href="https://www.irlchess.com/irlch2018_allfiles/pairings_irlch2018.html">Tournament
report</a>. }

1. e4 e6 2. d4 d5 3. Nc3 Nf6 4. e5 Nfd7 5. f4 c5 6. Nf3 Nc6 7. Be3 a6 8.
Qd2 Be7 9. Be2 b5 10. O-O O-O 11. Nd1 Qb6 12. c3 a5 13. Bf2 cxd4 14. cxd4
b4 15. f5 Ba6 16. Bxa6 Qxa6 17. Qf4 Qd3 18. Ne3 Qe4 19. Bg3 Rfc8 20. Rad1
Qxf4 21. Bxf4 a4 22. g4 Na5 23. g5 Nc4 24. f6 Nxe3 25. Bxe3 Bf8 26. Rc1 Nb6
27. b3 axb3 28. axb3 Rxc1 29. Rxc1 Rc8 30. Rb1 Rc3 31. Kf2 Nc8 32. Bd2 Rc7
33. Ra1 Na7 34. Ra4 Rb7 35. Ke2 h6 36. h4 hxg5 37. hxg5 Kh7 38. Ra1 Rc7 39.
Kd3 Kg8 40. Ne1 Kh7 41. Nc2 Rb7 42. Ra4 Nc6 43. Ra8 Nb8 44. Ra1 Nc6 45. Ra4
Kg8 46. Ra8 Nb8 47. Ne3 Kh7 48. Nd1 gxf6 49. gxf6 Bh6 50. Bxh6 Kxh6 51. Nb2
Kg6 52. Na4 Kf5 53. Nc5 Rb6 54. Ra7 Kg6 55. Na4 Nc6 56. Rxf7 Kxf7 57. Nxb6
Na5 58. Nc8 Nxb3 59. Nd6+ Kg8 60. Nb7 Nc1+ 61. Kd2 Nb3+ 62. Ke3 Na1 63. Nc5
Nc2+ 64. Kd3 Ne1+ 65. Kd2 Nf3+ 66. Ke3 Ng5 67. Kd3 Kf7 68. Nb7 Ke8 69. Na5
Kd7 70. Nb3 Ke8 71. Nd2 Nf7 72. Kc2 Nd8 73. Kb3 Nc6 74. Nf3 Kd8 75. Ka4 Kd7
76. Kb3 Kd8 77. Kc2 Ke8 78. Kd3 Kd7 79. Nd2 Kd8 80. Nb3 Ke8 81. Ke3 Kf7 82.
Nc5 Na5 83. Kd2 Nc6 84. Kd3 Na5 85. Na6 Nc6 86. Nc7 Na5 87. Nb5 Nc6 88.
Nd6+ Kf8 89. Nb5 Kf7 90. Nc7 Na5 91. Na6 Nc6 92. Ke3 $4 (92. Nc7 $10) 92...
b3 $19 93. Kd3 b2 94. Kc2 Nxd4+ 95. Kxb2 Nf3 96. Kc3 Nxe5 97. Kd4 Kxf6 98.
Nb4 Nf3+ 99. Ke3 Nh4 100. Kd4 Nf5+ 101. Kc5 Ne3 102. Kd4 Nf5+ 103. Kc5 Ke5
104. Nc6+ Ke4 105. Kb4 d4 106. Kc4 Ne3+ 107. Kb3 e5 108. Kb2 Ng4 109. Kc2
Ke3 110. Nb4 Nf2 111. Nd5+ Ke2 112. Kb3 Nd1 113. Nf6 Nc3 114. Ng4 e4 115.
Kc4 d3 116. Kxc3 d2 117. Nf2 Kxf2 0-1

[Event "Irish Championship 2018"]
[Site "Dublin IRL"]
[Date "2018.08.06"]
[Round "3.6"]
[White "Carroll, Peter"]
[Black "Li, Henry"]
[Result "1-0"]
[WhiteElo "1794"]
[BlackElo "2232"]
[WhiteICU "1802"]
[BlackICU "2207"]
[WhiteClub "Gonzaga"]
[BlackClub "Gonzaga"]
[WhiteNationality "IRL"]
[BlackNationality "IRL"]
[WhiteFideId "2510243"]
[BlackFideId "2508524"]
[PlyCount "89"]
[EventDate "2018.08.04"]
[Source "TWIC 1240"]

{ Event information: <a
href="https://www.irlchess.com/irlch2018_allfiles/pairings_irlch2018.html">Tournament
report</a>. } { Annotator: Alexander Baburin, <em>Chess Today</em> CT-227
(6490), 15 August 2018 (puzzle). }

1. e4 e5 2. Nf3 Nc6 3. d4 exd4 4. Nxd4 Nf6 5. Nxc6 bxc6 6. e5 Qe7 7. Qe2
Nd5 8. h4 d6 9. c4 Nb6 10. exd6 Qxe2+ 11. Bxe2 Bxd6 12. Nc3 O-O 13. Be3 Be5
14. Rc1 Be6 15. b3 a5 16. Bf3 a4 17. Bxc6 axb3 18. axb3 Ra3 19. Na4 Nxa4
20. Bxa4 Bb2 21. Rd1 Bxc4 22. bxc4 Rxa4 23. c5 f5 24. g3 Be5 25. f4 Re4 26.
Kf2 Bf6 27. Rd3 Rfe8 28. Rhd1 R8e7 29. R1d2 Rc4 30. Rd7 Kf7 31. Kf3 Rc3 32.
R7d3 Rc4 33. Rd5 Rc3 34. R5d3 Rxd3 35. Rxd3 Ke8 36. Bd4 Bxd4 37. Rxd4 Re1
38. Rd5 g6 39. Re5+ Rxe5 40. fxe5 Ke7 41. Kf4 Ke6 42. Kg5 Kxe5 43. Kh6 f4
$4 (43... Kf6 $10) 44. gxf4+ Kxf4 45. c6 $1 ({ "Black clearly expected only
} 45. Kxh7 g5 46. hxg5 Kxg5 $19 { ." }) 1-0

[Event "Irish Championship 2018"]
[Site "Dublin IRL"]
[Date "2018.08.06"]
[Round "3.7"]
[White "Butler, Kevin C."]
[Black "Jessel, Stephen"]
[Result "1-0"]
[BlackTitle "FM"]
[WhiteElo "2064"]
[BlackElo "2346"]
[WhiteICU "2000"]
[BlackICU "2337"]
[WhiteClub "Phibsboro"]
[BlackClub "Gonzaga"]
[WhiteNationality "IRL"]
[BlackNationality "IRL"]
[WhiteFideId "2501538"]
[BlackFideId "628859"]
[PlyCount "87"]
[EventDate "2018.08.04"]
[Source "TWIC 1240"]

{ Event information: <a
href="https://www.irlchess.com/irlch2018_allfiles/pairings_irlch2018.html">Tournament
report</a>. }

1. e4 c5 2. Nf3 e6 3. d4 cxd4 4. Nxd4 a6 5. Bd3 Nf6 6. O-O Qc7 7. Qe2 d6 8.
a4 Be7 9. Nc3 b6 10. f4 Nbd7 11. Kh1 Bb7 12. Be3 O-O 13. Bg1 g6 14. Nf3 Nc5
15. Bd4 Nfd7 16. Rae1 Rad8 17. f5 e5 18. fxg6 hxg6 19. Be3 Nxd3 20. cxd3
Kg7 21. Rc1 Qb8 22. Qd2 Rh8 23. Ng5 Bxg5 24. Bxg5 f6 25. Be3 Rh5 26. Rf3
Rdh8 27. h3 f5 28. Qf2 f4 29. Bxb6 g5 30. Ne2 g4 31. Nxf4 gxf3 32. Qg3+ Kf8
33. Nxh5 fxg2+ 34. Qxg2 Rg8 35. Qf3+ Ke7 36. Rc7 Rf8 37. Qg2 Rg8 38. Rxd7+
Kxd7 39. Nf6+ Kc6 40. Qxg8 Qxg8 41. Nxg8 Kxb6 42. h4 d5 43. Nf6 dxe4 44.
dxe4 1-0

[Event "Irish Championship 2018"]
[Site "Dublin IRL"]
[Date "2018.08.06"]
[Round "3.8"]
[White "Fox, Anthony"]
[Black "Brady, Stephen"]
[Result "1/2-1/2"]
[BlackTitle "FM"]
[WhiteElo "2046"]
[BlackElo "2336"]
[WhiteICU "2024"]
[BlackICU "2279"]
[WhiteClub "Dun Laoghaire"]
[BlackClub "St. Benildus"]
[WhiteNationality "IRL"]
[BlackNationality "IRL"]
[WhiteFideId "2500736"]
[BlackFideId "2500124"]
[PlyCount "58"]
[EventDate "2018.08.04"]
[Source "TWIC 1240"]

{ Event information: <a
href="https://www.irlchess.com/irlch2018_allfiles/pairings_irlch2018.html">Tournament
report</a>. }

1. e4 e6 2. d4 d5 3. exd5 exd5 4. Nf3 Bg4 5. Bd3 Bd6 6. O-O Ne7 7. Re1 Nd7
8. Nbd2 c6 9. Nf1 Qc7 10. c3 h6 11. a4 O-O 12. h3 Bh5 13. Bd2 Rfe8 14. Ne3
Nf6 15. g4 Bg6 16. Qc2 Ne4 17. Rf1 Bf4 18. Rae1 f5 19. Ng2 Bxd2 20. Nxd2
Rf8 21. f4 Rae8 22. Nf3 Nc8 23. Ne5 Bh7 24. Bxe4 fxe4 25. Ne3 Nd6 26. b3
Qd8 27. Qf2 Nf7 28. Qg3 Kh8 29. Re2 Nxe5 1/2-1/2

[Event "Irish Championship 2018"]
[Site "Dublin IRL"]
[Date "2018.08.06"]
[Round "3.9"]
[White "Bourached, Anthony"]
[Black "Short, Philip"]
[Result "0-1"]
[BlackTitle "FM"]
[WhiteElo "2026"]
[BlackElo "2333"]
[WhiteICU "2083"]
[WhiteClub "T.C.D."]
[WhiteNationality "IRL"]
[BlackNationality "IRL"]
[WhiteFideId "2504456"]
[BlackFideId "2500086"]
[PlyCount "116"]
[EventDate "2018.08.04"]
[Source "TWIC 1240"]

{ Event information: <a
href="https://www.irlchess.com/irlch2018_allfiles/pairings_irlch2018.html">Tournament
report</a>. }

1. e4 e6 2. d4 d5 3. Nd2 Nc6 4. Ngf3 Nf6 5. e5 Nd7 6. c3 f6 7. Bb5 a6 8.
Bxc6 bxc6 9. Qa4 Nb6 10. Qa5 Be7 11. O-O O-O 12. Re1 f5 13. b3 g5 14. Re2
Bd7 15. Ba3 Be8 16. Ne1 f4 17. Nd3 Bg6 18. Bxe7 Qxe7 19. Nc5 f3 20. Nxf3
Bh5 21. Re3 Bxf3 22. Rxf3 Rxf3 23. gxf3 Qf7 24. Re1 Qxf3 25. Re3 Qf5 26.
Nd3 h5 27. Qa3 h4 28. h3 Rf8 29. Qb2 Nd7 30. Qe2 a5 31. Qg4 Qxg4+ 32. hxg4
a4 33. Kg2 Kg7 34. f4 axb3 35. axb3 c5 36. Rf3 c4 37. bxc4 dxc4 38. Nf2
gxf4 39. Kh3 Nb6 40. Kxh4 Kg6 41. Kh3 Nd5 42. Kh2 Kg5 43. Rh3 Rb8 44. Rh5+
Kg6 45. Ne4 Rb2+ 46. Kg1 Ne3 47. Rh8 Rg2+ 48. Kh1 Rxg4 49. Rf8 Kg7 50. Rf6
Nd5 51. Rxe6 f3 52. Nf2 Rg2 53. Nh3 Rc2 54. Kg1 Nxc3 55. Re7+ Kf8 56. Rxc7
Ne4 57. d5 Rg2+ 58. Kf1 Rh2 0-1

[Event "Irish Championship 2018"]
[Site "Dublin IRL"]
[Date "2018.08.06"]
[Round "3.10"]
[White "O'Neill, Paul"]
[Black "Daly, Colm"]
[Result "0-1"]
[BlackTitle "FM"]
[WhiteElo "1985"]
[BlackElo "2329"]
[WhiteICU "1991"]
[BlackICU "2255"]
[WhiteClub "Elm Mount"]
[BlackClub "Bray/Greystones"]
[WhiteNationality "IRL"]
[BlackNationality "IRL"]
[WhiteFideId "2507692"]
[BlackFideId "2500434"]
[PlyCount "62"]
[EventDate "2018.08.04"]
[Source "TWIC 1240"]

{ Event information: <a
href="https://www.irlchess.com/irlch2018_allfiles/pairings_irlch2018.html">Tournament
report</a>. }

1. d4 Nf6 2. Nf3 e6 3. g3 b5 4. Bg2 Bb7 5. O-O Be7 6. a4 b4 7. a5 O-O 8.
Nbd2 d5 9. Ne5 Nfd7 10. e4 Nxe5 11. dxe5 d4 12. Nb3 c5 13. c3 Ba6 14. cxd4
Bxf1 15. Bxf1 cxd4 16. Qxd4 Nc6 17. Qxd8 Rfxd8 18. f4 Nd4 19. Nxd4 Bc5 20.
Kg2 Bxd4 21. Ra4 Bxb2 22. Be3 Bd4 23. Kf3 Bxe3 24. Kxe3 Rab8 25. Ra1 b3 26.
Bc4 b2 27. Rb1 Kf8 28. f5 Ke7 29. g4 h6 30. h4 Rb4 31. Bd3 Rb3 0-1

[Event "Irish Championship 2018"]
[Site "Dublin IRL"]
[Date "2018.08.06"]
[Round "3.11"]
[White "Delaney, Killian"]
[Black "Rush, Stephen"]
[Result "1-0"]
[WhiteElo "2206"]
[BlackElo "2025"]
[WhiteICU "2206"]
[BlackICU "1903"]
[WhiteClub "Gonzaga"]
[BlackClub "Strand"]
[WhiteNationality "IRL"]
[BlackNationality "IRL"]
[WhiteFideId "2501570"]
[BlackFideId "2512173"]
[PlyCount "31"]
[EventDate "2018.08.04"]
[Source "TWIC 1240"]

{ Event information: <a
href="https://www.irlchess.com/irlch2018_allfiles/pairings_irlch2018.html">Tournament
report</a>. }

1. e4 e6 2. d4 d5 3. Nd2 c5 4. exd5 Qxd5 5. Ngf3 cxd4 6. Bc4 Qd8 7. O-O Nc6
8. Nb3 a6 9. a4 Nf6 10. Qe2 Qc7 11. Rd1 Bd6 12. Bg5 Bd7 13. Nbxd4 Nxd4 14.
Rxd4 Rd8 15. Rad1 Bc8 16. Bf4 1-0

[Event "Irish Championship 2018"]
[Site "Dublin IRL"]
[Date "2018.08.06"]
[Round "3.12"]
[White "Wallace, Paul"]
[Black "Cafolla, Peter"]
[Result "0-1"]
[WhiteElo "2202"]
[BlackElo "1955"]
[WhiteICU "2182"]
[BlackICU "1939"]
[WhiteClub "Kilkenny"]
[BlackClub "Rathmines"]
[WhiteNationality "IRL"]
[BlackNationality "IRL"]
[WhiteFideId "2500892"]
[BlackFideId "2500884"]
[PlyCount "59"]
[EventDate "2018.08.04"]
[Source "TWIC 1240"]

{ Event information: <a
href="https://www.irlchess.com/irlch2018_allfiles/pairings_irlch2018.html">Tournament
report</a>. }

1. e4 c5 2. Nf3 Nc6 3. d4 cxd4 4. Nxd4 Nf6 5. Nc3 e5 6. Ndb5 d6 7. Bg5 a6
8. Na3 b5 9. Nd5 Qa5+ 10. Bd2 Qd8 11. Bd3 Nxd5 12. exd5 Ne7 13. c4 g6 14.
cxb5 Bg7 15. O-O O-O 16. Bb4 Rb8 17. Qd2 Nxd5 18. Ba5 Bh6 19. Qxh6 Qxa5 20.
Nc4 Qd8 21. bxa6 Bxa6 22. Rfd1 Qf6 23. b3 Nf4 24. Rac1 Bb7 25. Bf1 d5 26.
Ne3 d4 27. Nc4 Rfe8 28. h4 Nh3+ 29. gxh3 Qf3 30. Kh2 0-1

[Event "Irish Championship 2018"]
[Site "Dublin IRL"]
[Date "2018.08.06"]
[Round "3.13"]
[White "Tirziman, Rudolf"]
[Black "Freeman, Gordon"]
[Result "0-1"]
[WhiteElo "1943"]
[BlackElo "2205"]
[WhiteICU "1902"]
[BlackICU "2159"]
[WhiteClub "Blanchardstown"]
[BlackClub "Gonzaga"]
[WhiteNationality "IRL"]
[BlackNationality "IRL"]
[WhiteFideId "2508664"]
[BlackFideId "2501309"]
[PlyCount "78"]
[EventDate "2018.08.04"]
[Source "TWIC 1240"]

{ Event information: <a
href="https://www.irlchess.com/irlch2018_allfiles/pairings_irlch2018.html">Tournament
report</a>. }

1. e4 g6 2. d4 Bg7 3. Nc3 c6 4. Nf3 d5 5. e5 Bg4 6. h3 Bxf3 7. Qxf3 e6 8.
Bd3 Nd7 9. O-O f6 10. exf6 Qxf6 11. Qe2 O-O-O 12. Be3 Nh6 13. Qd2 Nf7 14.
Ne2 Qe7 15. a4 Kb8 16. f4 Nd6 17. b4 Nb6 18. Bf2 Nbc4 19. Qc1 Bf6 20. b5
cxb5 21. axb5 Nxb5 22. Bxc4 dxc4 23. c3 a6 24. Qe3 Qd7 25. Ng3 Qd5 26. Ne4
Be7 27. Rfb1 Rhf8 28. Bg3 Rf5 29. Re1 h5 30. Ng5 Bf6 31. Nxe6 Re8 32. Qe4
Qxe4 33. Rxe4 Nxc3 34. Ree1 Nd5 35. Bf2 h4 36. Rac1 Nxf4 37. Nc5 Rxe1+ 38.
Rxe1 Nd5 39. Re8+ Kc7 0-1

[Event "Irish Championship 2018"]
[Site "Dublin IRL"]
[Date "2018.08.06"]
[Round "3.14"]
[White "Kennedy, John P. A."]
[Black "Nolan, Conor"]
[Result "1-0"]
[WhiteElo "2077"]
[BlackElo "1935"]
[WhiteICU "1999"]
[BlackICU "1914"]
[WhiteClub "Dublin"]
[BlackClub "Gonzaga"]
[WhiteNationality "IRL"]
[BlackNationality "IRL"]
[WhiteFideId "2501120"]
[BlackFideId "2509466"]
[PlyCount "63"]
[EventDate "2018.08.04"]
[Source "TWIC 1240"]

{ Event information: <a
href="https://www.irlchess.com/irlch2018_allfiles/pairings_irlch2018.html">Tournament
report</a>. }

1. Nf3 Nf6 2. g3 g6 3. Bg2 Bg7 4. O-O O-O 5. d4 d6 6. a4 Na6 7. Nc3 c5 8.
e4 Ng4 9. h3 cxd4 10. Nxd4 Ne5 11. Nd5 Nc6 12. c3 Nc7 13. Be3 Ne5 14. b3
Nxd5 15. exd5 a6 16. f4 Nd7 17. f5 Ne5 18. g4 Bd7 19. Ra2 b5 20. a5 Qc7 21.
Qd2 Rac8 22. Ne2 h5 23. Bb6 Qb7 24. gxh5 Bxf5 25. Rxf5 gxf5 26. Nd4 Qd7 27.
Qg5 f6 28. Qg3 Kh7 29. Ne6 Rg8 30. Qf4 Bh6 31. Qxf5+ Kh8 32. h4 1-0